000 00823nam a22001937a 4500
999 _c61148
_d61148
005 20231225141548.0
008 231225s1984 ru ||||| |||| 00| 0 rus d
041 _arus
080 _a94(37+32):930 K-89
100 _aКузнецова, Т. И.
_920866
245 _aАнтичная эпическая историография :
_bГеродот, Тит Ливий /
_cТ.И. Кузнецова, Т.А. Миллер.
264 _a Москва :
_b Наука,
_c1984.
300 _a210 c.;
_b22 см.
653 _aუძველესი ეპიკური ისტორიოგრაფია
653 _aისტორია
653 _aუძველესი ევროპული ცივილიზაცია
700 _aМиллер, Т.А.
_920867
942 _2udc
_cᲬᲘᲒᲜᲘ